000 01126cam a22003257a 4500
003 CHAP
005 20230822062639.0
008 971010c19831978 r 00010 d
010 _a63037
011 _a64009
035 _a68980
040 _cCHAP
082 _a330.15
_bC38
100 0 0 _aCastells, Manuel.
_920044
245 1 3 _aLa teoría marxista de las crisis económicas y las transformaciones del capitalismo
260 _aMéxico, D. F. :
_bSiglo XXl,
_c1983 [c. 1978]
300 _a145 p.
_b; gráfs.
490 0 _aEconomía y demografía
590 _aBATCH-UPD
_b10
_c20130110
_lUCH01
_h0524
590 _aBATCH-UPD
_b10
_c20130110
_lUCH01
_h2220
590 _aBATCH-UPD
_b10
_c20130410
_lUCH01
_h0204
590 _aBATCH-UPD
_b10
_c20130914
_lUCH01
_h0844
590 _aCONVERSION
_b10
_c20130109
_lUCH01
_h1334
650 1 4 _aCapitalismo.
_918711
830 0 4 _aEconomía y demografía (Siglo XXI Editores)
_935280
901 _aBK
942 _cLIBRO
949 _a330.15 C38
_bBC
_cLIBRO
_d33724000320800
_eLIBRO
_gI. c/e
_h67221
_i68980
_si
949 _a330.15 C38
_bBC
_cLIBRO
_d33724000320818
_eLIBRO
_fc.2
_h67222
_i68980
_si
999 _c63037
_d63037